000 00819nam a22001577a 4500
003 OSt
005 20151006153931.0
008 151006b xxu||||| |||| 00| 0 eng d
040 _cRUA
082 _aAVM YI 2006 B076 Or.1
100 _92195
_aYI, PUTHY.
245 _aEffect of fresh sweedt totato wine complement in CP concentrate on growth rate of avian at royal university of agriculture, ឥទ្ធិពលនៃការបន្ថែមស្លឹកដំឡូងជ្វាស្រស់ក្នុងចំណីផ្សំក្រុមហ៊ុនCP ទៅលើការលូតលាស់មាន់សាច់AVIAN នៅសាកលវិទ្យាល័យភូមិន្ទកសិកម្ម
260 _aPhnom Penh
_bRUA
_c2006
300 _a45p.
_bill.
_c29cm.
942 _2ddc
_cAVM
999 _c2066
_d2066